000 00611nam a2200229Ia 4500
005 20230511110420.0
008 131103s9999 xx 000 0 und d
020 _a194424545
_c5.90 pds
040 _aLoreto College
041 _aEnglish
082 _a330.1
_bLIP
100 _aLipsey,Richard G.
245 3 _aAn introduction to positive economics
_cRichard G.Lipsey [and] K.Alec Chrystal
250 _a8th ed.
260 _a[s.l.]
_bELBS
_c1995
300 _axxiv,919 p.
_b ill.,fig.
504 _aIncludes index
650 _aEconomics
700 _aChrystal,K.Alec
850 _aLCLIB
942 _cBK
999 _c7606
_d58085